Annees 10 a Petersbourg (Les)-Meyerhold, la commedia dell'arte et le bal masquè (Record n. 62541)

Dettagli MARC
000 -LEADER
fixed length control field 01015nam a2200301Ia 4500
001 - CONTROL NUMBER
control field 34628
003 - CONTROL NUMBER IDENTIFIER
control field IT-RoPAU
008 - FIXED-LENGTH DATA ELEMENTS--GENERAL INFORMATION
fixed length control field 130308s9999 xx 000 0 und d
040 ## - CATALOGING SOURCE
Original cataloging agency IT-RoPAU
040 ## - CATALOGING SOURCE
Transcribing agency IT-RoPAU
041 ## - LANGUAGE CODE
Language code of text/sound track or separate title FRANCESE
999 ## - SYSTEM CONTROL NUMBERS (KOHA)
Koha Dewey Subclass [OBSOLETE] SI
100 ## - MAIN ENTRY--PERSONAL NAME
Personal name Picon-Vallin Beatrice
100 ## - MAIN ENTRY--PERSONAL NAME
Miscellaneous information Codice Aut. SPICS: 2599
245 ## - TITLE STATEMENT
Title Annees 10 a Petersbourg (Les)-Meyerhold, la commedia dell'arte et le bal masquè
245 ## - TITLE STATEMENT
Remainder of title Masque (Le)-Du rite Au Theatre
250 ## - EDITION STATEMENT
Edition statement 1a ed.
260 ## - PUBLICATION, DISTRIBUTION, ETC. (IMPRINT)
Place of publication, distribution, etc. PARIS
260 ## - PUBLICATION, DISTRIBUTION, ETC. (IMPRINT)
Name of publisher, distributor, etc. Centre Nat. Recherche Sc.
260 ## - PUBLICATION, DISTRIBUTION, ETC. (IMPRINT)
Date of publication, distribution, etc. 1985 [1° Ed.:1985 - Ed.Ling.Originale:1985]
300 ## - PHYSICAL DESCRIPTION
Extent "12 p. (prefazione: no ; testo: 12 [pagine: 147-158])"
500 ## - GENERAL NOTE
General note Dal Simbolismo al Tradizionalismo Teatrale maschera fenomeno di Società commedia dell'arte Nello Studio di Meyerhold Lavoro Sul Corpo messa in scena del Ballo mascherato di Lermontov
650 ## - SUBJECT ADDED ENTRY--TOPICAL TERM
Topical term or geographic name as entry element SAGGI DI TEATRO
650 ## - SUBJECT ADDED ENTRY--TOPICAL TERM
Relator term Codice materia Spics: 8411
942 ## - ADDED ENTRY ELEMENTS (KOHA)
Koha item type LIBRO
957 ## -
-- 1
999 ## - SYSTEM CONTROL NUMBERS (KOHA)
-- 1
Dati di copia
Withdrawn status Lost status Damaged status Not for loan Home library Current library Date acquired Total Checkouts Full call number Date last seen Price effective from Koha item type Public note
    Buone Condizioni Not For Loan SPICS-MEDIATECA SPICS-MEDIATECA 08/03/2013   34628 08/03/2013 08/03/2013 LIBRO Progressivo inserimento: 55950 / N. Volumi: 0 [=Contributo] Copie: 1 Copia Rara: SI / data import: 1 marzo 2013 - By Epidotti, Trombetti, Vaglietti.
CREDITS: SOCIETA' SAN PAOLO Via A.Severo, 58 - ROMA (RM) & PERIODICI SAN PAOLO SRL Via Giotto, 36 MILANO & CISF Via Giotto, 36 MILANO & EDIZIONI SAN PAOLO SRL,  Piazza Soncino, 5 CINISELLO BALSAMO (MI) -- ITALY